00437nam a2200121Ia 4500008004100000245013500041260002400176260000900200300000700209650002300216650001200239856006400251170516s9999 xx 000 0 und d aEffects of inoculation sources on the enrichment and performance of anode bacterial consortia in sensor typed microbial fuel cells bAIMS Bioengineering c2016 a:1 xMedical Technology xMedtech uhttp://www.aimspress.com/journal/Bioengineering/2016/1.html